[Event "Venice Province-ch 82nd"]
[Site "Mestre"]
[Date "2023.01.28"]
[Round "3.4"]
[White "Gazzato, Nicolo"]
[Black "Pintonello, Francesco"]
[Result "0-1"]
[WhiteElo "1254"]
[BlackElo "1488"]
[PlyCount "58"]
[EventDate "2023.01.27"]
[EventType "swiss"]
[EventRounds "5"]
[EventCountry "ITA"]
[SourceTitle "EXT 2024"]
[Source "ChessBase"]
[SourceDate "2023.10.10"]
[SourceVersion "1"]
[SourceVersionDate "2023.10.10"]
[SourceQuality "1"]

1. e4 d5 2. exd5 Qxd5 3. Nc3 Qa5 4. d4 Bf5 5. Bd3 e6 6. Bxf5 Qxf5 7. Nf3 Bb4 8. Bd2 Nf6 9. Rc1 0-0 10. 0-0 Nbd7 11. Ne4 Bxd2 12. Nxf6+ Nxf6 13. Qxd2 Rfd8 14. c3 b6 15. Rfe1 Qa5 16. b4 Qa6 17. Qe2 Qb7 18. Qc4 b5 19. Qb3 a5 20. a3 Ra6 21. Ra1 Qa7 22. Qb2 Ra8 23. Re5 c6 24. Rc5 Nd7 25. Rg5 axb4 26. Qxb4 Rxa3 27. Rxa3 Qxa3 28. Qxa3 Rxa3 29. g3 Rxc3 0-1